000 00934 a2200265 4500
001 20957
005 20260407155502.0
008 260407a2011 arg spa d
003 AR-UNSa-BCEJYS
040 _aAR-UNSa-BCEJYS
_bspa
_cAR-UNSa-BCEJYS
080 _a349.22:331.106
_xContrato de trabajo
245 1 0 _aLey de contrato de trabajo
_pcomentada y concordada
020 _a978-987-30-0165-9
250 _a2a. ed.
264 1 _aBuenos Aires :
_bRubinzal-Culzoni Editores
_c2011
300 _a3 v.
_c22 cm.
505 _aVol. I: Artículos 1ª a 89 - Vol. II: Artículos 90 a 195 - Vol. III: Artículos 196 a 277
942 _cBK
590 _aniveau_biblio:m niveau_hierar:0
100 1 _aArgentina [Leyes, etc.]
700 1 _aOjeda, Raúl Horacio
650 _aLey 20.744
856 4 1 _uhttps://biblioeco.unsa.edu.ar/pmb/images/libros/Ley de Contrato de Trabajo.jpg
_yImagen de portada
_qimage/jpeg
650 _a ley 20 744
999 _c773
_d773